Frank Wood's Book- Keeping and Accounts (Record no. 17898)

MARC details
000 -LEADER
fixed length control field 00374nam a22001457a 4500
008 - FIXED-LENGTH DATA ELEMENTS--GENERAL INFORMATION
fixed length control field 190927b xxu||||| |||| 00| 0 eng d
020 ## - INTERNATIONAL STANDARD BOOK NUMBER
International Standard Book Number 0273773061
050 ## - LIBRARY OF CONGRESS CALL NUMBER
Classification number HF5636
Item number .W86
100 ## - MAIN ENTRY--PERSONAL NAME
Personal name Wood, Frank
245 ## - TITLE STATEMENT
Title Frank Wood's Book- Keeping and Accounts
Statement of responsibility, etc. Frank Wood
250 ## - EDITION STATEMENT
Edition statement 8th ed.
260 ## - PUBLICATION, DISTRIBUTION, ETC. (IMPRINT)
Place of publication, distribution, etc. England
Name of publisher, distributor, etc. Pearson
Date of publication, distribution, etc. 2013
300 ## - PHYSICAL DESCRIPTION
Extent ix, 612p.
942 ## - ADDED ENTRY ELEMENTS (KOHA)
Source of classification or shelving scheme Library of Congress Classification
Koha item type General Collection
Holdings
Withdrawn status Lost status Source of classification or shelving scheme Not for loan Home library Current library Date acquired Cost, normal purchase price Total Checkouts Total Renewals Full call number Barcode Date last seen Date last checked out Price effective from Koha item type
    Library of Congress Classification   Kabarak, Main Campus Kabarak, Main Campus 27/09/2019 2716.00 14 3 HF5636 .W86 2013 c.1 023675 11/12/2024 29/11/2024 27/09/2019 General Collection
    Library of Congress Classification   Kabarak, Main Campus Kabarak, Main Campus 27/09/2019 2716.00 14 1 HF5636 .W86 2013 c.2 023676 22/04/2026 07/04/2026 27/09/2019 General Collection
Designed with assistance from East African Informatics Ltd